00741 2200229 4500001002100000005001700021008004100038035002500079040001200104082001700116084002200133100002600155245011900181260004600300300003200346500003100378504002500409650002200434700002500456850001200481990001800493INLIS00000000001037620150815152453.0  a0010-081500000001814 aYOPDYOG 223a155.9042 aSK 155.9042 Adi H aADIMAS Toni Hardianto aHubungan antara kesesakan dangan stres pada remaja yang tinggal di daerah pemukiman padatc/ Adimas Toni Hardianto aYogyakartabUniversitas Gadjah Madac2007 axiii, 66 lembar. ; 29,5 cm. aSkripsi Fakultas Psikologi aBibliografi: hlm. 66 aStres (Psikologi) aFAUZAN Heru Santhoso aYOPDYOG a48361-PD/A.15